000 00375nam a2200145Ia 4500
008 151213s9999 xx 000 0 und d
100 _aL.A.G. Strong
245 _aThe Open Sky
_cL.A.G. Strong
260 _aLondon
_bVictor Gouamcz Ltd.
_c1939
300 _a5251 p.
650 _aEnglish Literature
650 _aEnglish Literature
700 _aL.A.G. Strong
999 _c3243
_d3243